[Event "Mittelfrank Regionalliga Sud-Ost 2223"]
[Site "Mittelfranken"]
[Date "2023.03.19"]
[Round "8.4"]
[White "Stoffel, Matthias"]
[Black "Shen, Tingrui"]
[Result "0-1"]
[WhiteElo "1953"]
[BlackElo "2044"]
[PlyCount "60"]
[EventDate "2022.10.09"]
[EventType "team-tourn"]
[EventRounds "9"]
[EventCountry "GER"]
[SourceTitle "EXT 2024"]
[Source "ChessBase"]
[SourceDate "2023.10.10"]
[SourceVersion "1"]
[SourceVersionDate "2023.10.10"]
[SourceQuality "1"]
[WhiteTeam "Bruckmuehl"]
[BlackTeam "Tegernsee"]
[WhiteTeamCountry "GER"]
[BlackTeamCountry "GER"]

1. d4 Nf6 2. Nf3 e6 3. Bg5 d5 4. c4 Be7 5. Nc3 Nbd7 6. e3 0-0 7. Qc2 b6 8. cxd5 exd5 9. Bd3 Bb7 10. 0-0 h6 11. Bh4 c5 12. Rfe1 Rc8 13. Rad1 Re8 14. Qe2 Ne4 15. Bxe7 Qxe7 16. Ba6 Ndf6 17. Bxb7 Qxb7 18. Qd3 cxd4 19. exd4 Nxc3 20. Rxe8+ Nxe8 21. bxc3 Nd6 22. Nd2 Qc6 23. Rc1 Qa4 24. Qg3 Nf5 25. Qe5 Nxd4 26. c4 Ne6 27. f4 Qxa2 28. Nf3 Qa3 29. Ra1 Qc5+ 30. Kh1 dxc4 0-1

[Event "GER-chT U12"]
[Site "Muenchen"]
[Date "2022.12.28"]
[Round "3"]
[White "Tuerel, Tugrul"]
[Black "Shen, Tingrui"]
[Result "1/2-1/2"]
[WhiteElo "1605"]
[BlackElo "1643"]
[PlyCount "81"]
[EventDate "2022.12.26"]
[EventType "team-swiss"]
[EventRounds "7"]
[EventCountry "GER"]
[SourceTitle "CBM 212 Extra"]
[Source "ChessBase"]
[SourceDate "2023.03.31"]
[SourceVersion "1"]
[SourceVersionDate "2023.03.31"]
[SourceQuality "1"]
[WhiteTeam "Muenchen SF"]
[BlackTeam "Tegernsee"]
[WhiteTeamCountry "GER"]
[BlackTeamCountry "GER"]

1. e4 c5 2. Nf3 Nc6 3. c4 g6 4. d4 cxd4 5. Nxd4 Bg7 6. Be3 Nf6 7. Nc3 Ng4 8. Qxg4 Nxd4 9. Qd1 Ne6 10. Rc1 d6 11. Bd3 0-0 12. 0-0 b6 13. f4 Bb7 14. b4 Nd4 15. Bb1 e5 16. f5 gxf5 17. exf5 Qh4 18. Nd5 Bxd5 19. cxd5 Rac8 20. Rxc8 Rxc8 21. g3 Qf6 22. Qh5 e4 23. Bg5 Qe5 24. f6 h6 25. Qg4 Qxg5 26. Qxc8+ Bf8 27. Qc4 Nf3+ 28. Kh1 Nd2 29. Qe2 Nxf1 30. Qxf1 Qxd5 31. Qe2 e3+ 32. Kg1 Qd4 33. Kg2 Qxb4 34. Qc2 Qd2+ 35. Qxd2 exd2 36. Bc2 d5 37. Kf3 Bb4 38. Kg4 Bc3 39. Kh5 d1Q+ 40. Bxd1 Bd2 41. h4 1/2-1/2

[Event "Bayern Jubilar U12"]
[Site "Bayreuth"]
[Date "2022.08.28"]
[Round "3"]
[White "Shen, Tingrui"]
[Black "Cwiklik, Jonah"]
[Result "1-0"]
[WhiteElo "1545"]
[BlackElo "1069"]
[PlyCount "105"]
[EventDate "2022.08.27"]
[EventType "swiss"]
[EventRounds "7"]
[EventCountry "GER"]
[SourceTitle "EXT 2023"]
[Source "ChessBase"]
[SourceDate "2022.10.05"]
[SourceVersion "1"]
[SourceVersionDate "2022.10.05"]
[SourceQuality "1"]

1. e4 e5 2. Nf3 Nc6 3. d4 exd4 4. Nxd4 Bc5 5. Nb3 Bb6 6. Nc3 d6 7. a4 a5 8. g3 Nf6 9. h3 0-0 10. Bg2 Re8 11. 0-0 Be6 12. Nd5 Bxd5 13. exd5 Ne5 14. Nd4 Qd7 15. Kh2 h6 16. b3 Bxd4 17. Qxd4 c5 18. dxc6 Nxc6 19. Qd2 Ne4 20. Qd1 Qf5 21. Bb2 Qc5 22. h4 Nxf2 23. Qf3 Qxc2 24. Rxf2 Qg6 25. Rd1 Ne5 26. Bxe5 Rxe5 27. Qd3 Re6 28. Qxg6 Rxg6 29. Bxb7 Re8 30. Bd5 Re7 31. Rdf1 Kh7 32. h5 Rg5 33. Bxf7 Re3 34. Bg6+ Rxg6 35. hxg6+ Kxg6 36. Rf3 Re4 37. Rd3 Re2+ 38. Kh3 Kh5 39. Rxd6 Re3 40. Rd5+ g5 41. Rxa5 Rxb3 42. Rf2 Rb1 43. Ra2 Rc1 44. Rb5 Kg6 45. a5 h5 46. a6 g4+ 47. Kg2 h4 48. gxh4 g3 49. a7 Kh7 50. a8Q Rc2+ 51. Rxc2 Kg7 52. Rc7+ Kh6 53. Qa6# 1-0

[Event "GER-ch U10"]
[Site "Willingen"]
[Date "2022.06.09"]
[Round "8"]
[White "Rau, Eduard"]
[Black "Shen, Tingrui"]
[Result "0-1"]
[WhiteElo "1406"]
[BlackElo "1621"]
[PlyCount "72"]
[EventDate "2022.06.04"]
[EventType "swiss"]
[EventRounds "11"]
[EventCountry "GER"]
[SourceTitle "CBM 208 Extra"]
[Source "ChessBase"]
[SourceDate "2022.07.31"]
[SourceVersion "1"]
[SourceVersionDate "2022.07.31"]
[SourceQuality "1"]

1. e4 c5 2. Nf3 a6 3. d4 cxd4 4. Qxd4 Nc6 5. Qe3 g6 6. Nc3 Bg7 7. Nd5 Nf6 8. c3 0-0 9. Bd3 d6 10. 0-0 b5 11. Qe2 Bg4 12. Bf4 Nxd5 13. exd5 Ne5 14. Bxe5 Bxf3 15. Qxf3 Bxe5 16. Qe3 Qc7 17. f4 Bf6 18. Kh1 Qc5 19. Qf3 a5 20. a3 b4 21. cxb4 axb4 22. Rfc1 Qa5 23. Qe2 bxa3 24. Rxa3 Qb4 25. Rca1 Rxa3 26. bxa3 Qxf4 27. Rb1 Qa4 28. Qa2 Rc8 29. g3 Rc3 30. Qd2 Qd4 31. Qh6 Qxd5+ 32. Kg1 Bd4+ 33. Kf1 Qf3+ 34. Ke1 Bf2+ 35. Kf1 Be3+ 36. Ke1 Qf2+ 0-1

[Event "GER-ch U10"]
[Site "Willingen"]
[Date "2022.06.05"]
[Round "1"]
[White "Shen, Tingrui"]
[Black "Hellriegel, Hannes"]
[Result "1-0"]
[WhiteElo "1621"]
[BlackElo "1335"]
[PlyCount "61"]
[EventDate "2022.06.04"]
[EventType "swiss"]
[EventRounds "11"]
[EventCountry "GER"]
[SourceTitle "CBM 208 Extra"]
[Source "ChessBase"]
[SourceDate "2022.07.31"]
[SourceVersion "1"]
[SourceVersionDate "2022.07.31"]
[SourceQuality "1"]

1. d4 d5 2. c4 e6 3. Nc3 Nf6 4. Nf3 Bd6 5. Bg5 h6 6. Bxf6 Qxf6 7. cxd5 exd5 8. Nxd5 Qe6 9. Nc3 Bb4 10. e3 c6 11. Bd3 Nd7 12. 0-0 Nf6 13. e4 0-0 14. d5 Qd7 15. dxc6 bxc6 16. Qc2 Rd8 17. Rfd1 Kf8 18. Bc4 Qc7 19. e5 Rxd1+ 20. Rxd1 Ng8 21. Ne4 Bb7 22. Nd6 Bxd6 23. exd6 Qd8 24. Ne5 Qg5 25. Nxf7 Qg4 26. h3 Qd7 27. Ne5 Qd8 28. Qf5+ Nf6 29. Ng6+ Ke8 30. Qe6+ Qe7 31. Qxe7# 1-0

[Event "Bayern-chI Bank Hofmann 24th"]
[Site "Tegernsee"]
[Date "2021.11.02"]
[Round "4"]
[White "Ciolek, Andreas"]
[Black "Shen, Tingrui"]
[Result "1-0"]
[WhiteElo "2233"]
[BlackElo "1353"]
[PlyCount "61"]
[EventDate "2021.10.30"]
[EventType "swiss"]
[EventRounds "9"]
[EventCountry "GER"]
[SourceTitle "CBM 205 Extra"]
[Source "ChessBase"]
[SourceDate "2022.01.31"]
[SourceVersion "1"]
[SourceVersionDate "2022.01.31"]
[SourceQuality "1"]

1. e4 c5 2. Nc3 a6 3. g3 b5 4. Bg2 Bb7 5. Nge2 e6 6. d4 cxd4 7. Nxd4 Nf6 8. 0-0 b4 9. Na4 Nxe4 10. Re1 d5 11. Nxe6 fxe6 12. Qh5+ g6 13. Qe5 Qf6 14. Rxe4 Qxe5 15. Rxe5 Kf7 16. Re1 Bd6 17. Nb6 Ra7 18. Be3 Nc6 19. Nc4 dxc4 20. Bxa7 Ba8 21. Rad1 Be7 22. Be3 Bf6 23. Rd7+ Ne7 24. Bc5 Bxg2 25. Kxg2 Rb8 26. Red1 Rb5 27. Rc7 Be5 28. Rxe7+ Kf6 29. Rdd7 Rxc5 30. Rf7+ Kg5 31. h4+ 1-0

[Event "EU-ch Hybrid U08"]
[Site "Tornelo INT"]
[Date "2021.10.15"]
[Round "2"]
[White "Kopacki, Aleksander"]
[Black "Shen, Tingrui"]
[Result "0-1"]
[WhiteElo "1131"]
[BlackElo "1353"]
[PlyCount "74"]
[EventDate "2021.10.15"]
[EventType "swiss"]
[EventRounds "9"]
[EventCountry "NET"]
[SourceTitle "EXT 2023"]
[Source "ChessBase"]
[SourceDate "2022.10.05"]
[SourceVersion "1"]
[SourceVersionDate "2022.10.05"]
[SourceQuality "1"]
[WhiteTeam "Poland"]
[BlackTeam "Germany"]
[WhiteTeamCountry "POL"]
[BlackTeamCountry "GER"]

1. d4 Nf6 2. c4 g6 3. Nc3 Bg7 4. e4 d6 5. Nf3 0-0 6. Be2 e5 7. d5 a5 8. 0-0 Na6 9. Re1 Nc5 10. Qc2 Ne8 11. Be3 b6 12. a3 f5 13. Nd2 f4 14. Bxc5 bxc5 15. Nf3 g5 16. h3 h5 17. Qd3 g4 18. hxg4 hxg4 19. Nh2 Qh4 20. g3 Qg5 21. f3 gxf3 22. Qxf3 fxg3 23. Qg2 Qe3+ 24. Kh1 Rf2 25. Bg4 Rxg2 26. Rxe3 Rxh2+ 27. Kg1 Bxg4 28. Rxg3 Rh4 29. Kf2 Nf6 30. Re1 Rf8 31. Kg2 Nh5 32. Rge3 Bd7 33. Rb1 Nf4+ 34. Kg1 Rf6 35. b4 Rg6+ 36. Kf2 Rg2+ 37. Ke1 Rh1# 0-1

[Event "GER-ch U10"]
[Site "Willingen"]
[Date "2021.08.28"]
[Round "10"]
[White "Shen, Tingrui"]
[Black "Gloeckler, Christian"]
[Result "1-0"]
[WhiteElo "1508"]
[BlackElo "1581"]
[PlyCount "103"]
[EventDate "2021.08.22"]
[EventType "swiss"]
[EventRounds "11"]
[EventCountry "GER"]
[SourceTitle "EXT 2022"]
[Source "ChessBase"]
[SourceDate "2021.10.06"]
[SourceVersion "1"]
[SourceVersionDate "2021.10.06"]
[SourceQuality "1"]

1. e4 c6 2. c4 d5 3. cxd5 cxd5 4. exd5 Nf6 5. Qa4+ Nbd7 6. Nc3 g6 7. g3 Bg7 8. Bg2 0-0 9. Nge2 a6 10. 0-0 b5 11. Qb4 Rb8 12. Nd4 a5 13. Qb3 Nc5 14. Qc2 Bd7 15. Nc6 Bxc6 16. dxc6 Rb6 17. d4 Na6 18. a3 e6 19. h3 Ne8 20. Be3 Rb8 21. Rfd1 Nd6 22. d5 e5 23. Ne2 f5 24. f4 Re8 25. fxe5 Bxe5 26. Bd4 Qg5 27. Bxe5 Rxe5 28. Kh2 Re3 29. Rd3 Rbe8 30. Rxe3 Rxe3 31. c7 Nc8 32. d6 Nxd6 33. c8Q+ Nxc8 34. Qxc8+ Kg7 35. Qxa6 Rxe2 36. Qxb5 Re3 37. Qd7+ Kg8 38. Qd6 Re2 39. b4 Qe3 40. Qd5+ Kg7 41. bxa5 f4 42. gxf4 Qxf4+ 43. Kh1 Qc7 44. Rd1 Qc2 45. Rf1 Qc7 46. Qb7 Qxb7 47. Bxb7 Ra2 48. Rf3 Ra1+ 49. Kh2 Ra2+ 50. Kg3 h5 51. a6 g5 52. h4 1-0